ბათუმის შოთა რუსთაველის სახელმწიფო უნივერსიტეტის ბიბლიოთეკა

ქალაქი დიოსკურია ანტიკურ ეპოქაში (ძვ. წ. VI - ახ. წ. III სს.) / (ბიბ.ჩანაწერი № 64123)

000 -ლიდერი
ფიქსირებული სიგრძის საკონტროლო ველი 01429nam a22002537a 4500
003 - საკონტროლო ნომრის იდენტიფიკატორი
საკონტროლო ველი Ge_BSU
005 - ბოლო ოპერაციის თარიღი და დრო
საკონტროლო ველი 20260408161435.0
008 - ფიქსირებული სიგრძის მონაცემთა ელემენტები - ზოგადი ინფორმაცია
ფიქსირებული სიგრძის საკონტროლო ველი 260408s2022 ge ||||| |||| 00| 0 geo d
020 ## - წიგნის საერთაშორისო სტანდარტული ნომერი
International Standard Book Number 9789941342271
041 ## - ენის კოდი
Language code of text/sound track or separate title geo
080 ## - უნივერსალური ათობითი კლასიფიკაციის ინდექსი
Universal Decimal Classification number 94(395.3-21) : 930(479.22) ბ-51
100 ## - მთავარი ჩანაწერი - პიროვნების სახელი
Personal name ბერულავა, ნოდარ
9 (RLIN) 27295
245 ## - ცნობა სათაურის შესახებ
Title ქალაქი დიოსკურია ანტიკურ ეპოქაში (ძვ. წ. VI - ახ. წ. III სს.) /
Statement of responsibility, etc ნოდარ ბერულავა; რედაქტორები: ვახტანგ ჯაფარიძე, ბეჟან ხორავა.
264 ## - წარმოების, გამოცემის, დისტრიბუციის და სხვა ცნობები
გამოცემის, წარმოების, დისტრიბუციის... ადგილი თბილისი :
გამოცემის, წარმოების, დისტრიბუციის... სახელწოდება მერიდიანი,
გამოცემის, წარმოების, დისტრიბუციის... თარიღი 2022.
300 ## - ფიზიკური აღწერა
Extent 304 გვ. :
Other physical details ნახ. ;
Dimensions 21 სმ.
504 ## - BIBLIOGRAPHY, ETC. NOTE
Bibliography, etc ბიბლიოგრაფია ტექსტის შენიშვნებში და გვ. 280-287.
520 ## - SUMMARY, ETC.
Summary, etc რეზიუმე ინგლისურ ენაზე.
653 ## - INDEX TERM--UNCONTROLLED
Uncontrolled term კოლხეთის ისტორია
653 ## - INDEX TERM--UNCONTROLLED
Uncontrolled term ქალაქი დიოსკურია
653 ## - INDEX TERM--UNCONTROLLED
Uncontrolled term საქართველოს ისტორიოგრაფია
700 ## - ADDED ENTRY--PERSONAL NAME
Personal name ჯაფარიძე, ვახტანგ
Relator term რედაქტორი.
9 (RLIN) 17802
700 ## - ADDED ENTRY--PERSONAL NAME
Personal name ხორავა, ბეჟან
Relator term რედაქტორი
9 (RLIN) 14138
942 ## - ADDED ENTRY ELEMENTS (KOHA)
Source of classification or shelving scheme
Koha item type წიგნი
ეგზემპლარები
ჩამოწერის სტატუსი დაკარგული ეგზემპლარის სტატუსი კლასიფიკაციის წყარო ან თაროზე გაწყობის სქემა დაზიანების სტატუსი არ გაიცემა მუდმივი მდებარეობა (დაცვის ადგილი) ამჟამინდელი ადგილსამყოფელი თაროზე განთავსების ადგილი შეძენის თარიღი ღირებულება, შესყიდვის ნორმალური ფასი სრული შენახვის შიფრი შტრიხკოდი ბოლო ოპერაციის თარიღი ეგზემპლარის მიმდევრობითი ნომერი (კეტერი?) Uniform Resource Identifier ფასის ძალაში შესვლის თარიღი ეგზემპლარის სახეობა საჯარო შენიშვნა
          ბათუმის შოთა რუსთაველის სახელმწიფო უნივერსიტეტის მთავარი ბიბლიოთეკა ბათუმის შოთა რუსთაველის სახელმწიფო უნივერსიტეტის მთავარი ბიბლიოთეკა წიგნსაცავი 2026-04-08 9.00 94(395.3-21) : 930(479.22) ბ-51 74261 2026-04-08 74261 ნაჩუქარი 2026-04-08 წიგნი 9 ლ.